| 000 | 01031nam a2200277Ia 4500 | ||
|---|---|---|---|
| 001 | Para_2674 | ||
| 003 | CHAP | ||
| 008 | 220125s1933 xx 000 0 und d | ||
| 010 | _a201208 | ||
| 040 | _cCHAP | ||
| 082 | _aPA-C 595.752 A54 | ||
| 100 |
_aTakahashi, Ryoichi _9111377 |
||
| 245 |
_aAleyrodidae of Formosa, pte. II / _c by Ryoichi Takahashi |
||
| 260 |
_aFormosa : _b Dept. of. Agric. Gover Research Inst. |
||
| 300 | _a24 p. | ||
| 440 |
_aAleyrodidae; 15 _9166078 |
||
| 500 | _aSobretiro de: Formosa. Department of agriculture Goverment Research Institute Formosa Japan Report; 60. Encuadernado con: Notes on the english and american races of the greenhouse white-fly (Trialeurodes vaporariorum) /by Franz Schrader. 70-141 | ||
| 650 |
_aAleurodidae _x Colecciones de escritos Aleurodidae _x Formosa _9166083 |
||
| 901 | _aPA-C 595.752 A54 | ||
| 902 | _aM | ||
| 905 | _a0000001933 FOR 0000000000 00 | ||
| 910 | _a1933 | ||
| 942 | _cPARA | ||
| 942 |
_cPARA _d1 |
||
| 999 |
_c201208 _d201208 |
||